KVANTITATIVNÍ URČENÍ SP1 GLYKOPROTEINU IMUNOANALYTICKÝMI METODAMI

Podrobná bibliografia
Hlavní autori: Procházková, Z. (Autor), Kimlová, I. (Autor), Švarcová, H. (Autor), Matouš-Malbohan, Ivan, 1943- (Autor)
Médium: Článok
Jazyk:čeština

MARC

LEADER 00000nab a2200000 a 4500
001 vtls011133176
003 SK-MaSNL
005 20260303114039.0
008 230121|1992 xo |||||||||||||||||cze|
015 |a SNBRB 
035 |a (uuid)156a9477-bedd-46e5-ade7-c8f120aa1859 
035 |a (urnnbn)urn:nbn:sk:snk:ar-a09ndw 
035 |a urn:nbn:sk:snk-abaay4 
040 |a SNKBUCL  |b slo  |c SNKBUCL  |e AACR2 
041 0 |a cze 
044 |a xo  |c SK 
100 1 |a Procházková, Z.  |4 aut  |9 630144 
245 1 0 |a KVANTITATIVNÍ URČENÍ SP1 GLYKOPROTEINU IMUNOANALYTICKÝMI METODAMI  |c Z. Procházková, I. Kimlová, H. Švarcová, I. Malbohan 
700 1 |a Kimlová, I.  |4 aut  |9 1128104 
700 1 |a Švarcová, H.  |4 aut  |9 1128105 
700 1 |a Matouš-Malbohan, Ivan,  |d 1943-  |4 aut  |9 8163 
773 0 |t Imunoanalýza : (Bratisl.)  |g Roč. 2, č. 2 (1992), s. [5]-9 
954 |a odborná, vedecká literatúra cudzojazyčná (svetová)  |2 lita 
958 |a OND 
958 |a EUIPO 
958 |a article13 
999 |c 1896799  |d 1898729